Den, kdy zemřel Kristus /

Hlavní autor: Bishop, Jim, 1907-1987
Jazyk: Čeština
Vydáno: Kostelní Vydří : Karmelitánské nakladatelství, 2005
Vydání: Vyd. 3, v KN 1.
Edice: Beletrie (Karmelitánské nakladatelství)
Témata:
Externí odkaz: Digitalizovaný dokument
Fyzický popis: 357 s. ; 21 cm
Knihy
Uloženo v:
LEADER 02269nam a2200601 a 4500
001 000765650
003 CZ BrMZK
005 20181022122413.0
007 ta
008 050304s2005 xr gr 000 fbcze d
015 |a cnb001575865 
020 |a 80-7192-932-8  |q (váz.) :  |c Kč 299,00 
035 |a (OCoLC)85158499 
040 |a BOA001  |b cze 
041 1 |a cze  |h eng 
043 |a e------  |a ff-----  |a aw-----  |a a-is--- 
045 |a e0e3 
072 7 |a 821.111(73)-3  |x Americká próza  |2 Konspekt  |9 25 
072 7 |a 929  |x Biografie  |2 Konspekt  |9 8 
080 |a 821.111(73)-3  |2 MRF 
080 |a 27-247  |2 MRF 
080 |a 27-236.5  |2 MRF 
080 |a 27-312.8  |2 MRF 
080 |a 929  |2 MRF 
080 |a (37)  |2 MRF 
080 |a (394.5)  |2 MRF 
080 |a (0:82-322.6)  |2 MRF 
100 1 |a Bishop, Jim,  |d 1907-1987  |7 mzk2002106430  |4 aut 
245 1 0 |a Den, kdy zemřel Kristus /  |c Jim Bishop ; [z anglického originálu ... přeložil Jan Čulík] 
250 |a Vyd. 3, v KN 1. 
260 |a Kostelní Vydří :  |b Karmelitánské nakladatelství,  |c 2005 
300 |a 357 s. ;  |c 21 cm 
490 1 |a Beletrie 
504 |a Obsahuje bibliografii 
500 |a Dostupné též v digitální podobě v aplikaci Kramerius 
600 0 7 |a Ježíš Kristus  |7 ola2002103454  |2 czenas 
630 0 7 |a Bible.  |p Evangelia  |7 unn2006374683  |2 czenas 
648 7 |a 1. století  |7 ch460539  |2 czenas 
650 0 7 |a biblické postavy  |7 ph118857  |y 1. století  |2 czenas 
650 0 7 |a biblické události  |7 ph138437  |y 1. století  |2 czenas 
650 0 7 |a utrpení Ježíše Krista  |7 ph138457  |2 czenas 
650 0 7 |a ukřižování Ježíše Krista  |7 ph138458  |2 czenas 
651 7 |a starověký Řím  |7 ge131512  |y 1. století  |2 czenas 
651 7 |a Palestina  |7 ge130360  |y 1. století  |2 czenas 
655 7 |a americké prózy  |7 fd131794  |2 czenas 
655 7 |a biografické prózy  |7 fd131904  |2 czenas 
765 0 |t Day Christ died  |9 Česky 
830 0 |a Beletrie (Karmelitánské nakladatelství)  |0 s 
856 4 1 |u http://www.digitalniknihovna.cz/mzk/uuid/uuid:2646df50-e0ed-11e8-bc37-005056827e51  |y Digitalizovaný dokument  |x NDK 
910 |a BOA001  |b 2-1148.322 
990 |a BK 
991 |b 200504  |c NOV 
996 6 |b 2610243518  |c 2-1148.322  |l MZK  |r Sklad / do 1 hodiny  |n 1  |p p.v.  |w 000765650  |u 000010  |a 1  |e BOA001  |j MZK50  |s P